| 000 | 00592nam a22001817a 4500 | ||
|---|---|---|---|
| 999 |
_c485 _d485 |
||
| 003 | AR-CdUCM | ||
| 008 | 190223b ||||| |||| 00| 0 spa d | ||
| 040 |
_aMUNICIPALIDAD PROVINCIAL DEL CUSCO _cBIBLIOTECA MUNICIPAL DEL CUSCO |
||
| 082 |
_a869 / _bV658 |
||
| 100 |
_aVieira, Celso _91912 |
||
| 245 |
_aEl padre Anchieta : _bLa vida de un apóstol en el Brasil primitvo / |
||
| 260 |
_aArgentina : _bClaridad ; _c1945. |
||
| 300 |
_a335 páginas. : _c20cm. |
||
| 650 |
_aliteratura latina _9327 |
||
| 650 |
_aLiteratura latinoamericana _91143 |
||
| 942 |
_2ddc _cLIBROS |
||
| 945 |
_anom _d2019-02-23 |
||